|
|
|
|
| LEADER |
01209nam a2200253 a 4500 |
| 001 |
2896823 |
| 008 |
090817s1988 enka b 001 0 eng d |
| 010 |
|
|
|a 87035487
|
| 020 |
|
|
|a 0521305241
|
| 020 |
|
|
|a 0521315514 (pbk.)
|
| 040 |
|
|
|a DLC
|c DLC
|d DLC
|
| 082 |
0 |
0 |
|a 418/.0021
|2 19
|
| 100 |
1 |
|
|a Brown, James Dean.
|
| 245 |
1 |
0 |
|a Understanding research in second language learning :
|b a teacher's guide to statistics and research design /
|c James Dean Brown.
|
| 260 |
|
|
|a Cambridge [England] ;
|a New York :
|b Cambridge University Press,
|c 1988.
|
| 300 |
|
|
|a xi, 219 p. :
|b ill. ;
|c 24 cm.
|
| 490 |
0 |
|
|a New directions in language teaching
|
| 504 |
|
|
|a Includes bibliography: [p. 209-210] and index.
|
| 541 |
1 |
|
|e 00015609
|
| 650 |
|
0 |
|a Second language acquisition
|x Statistical methods.
|
| 852 |
4 |
|
|a Ayesha Abed Library
|j General Shelf.
|
| 999 |
|
|
|c 3423
|d 3423
|
| 952 |
|
|
|0 0
|1 0
|2 ddc
|4 0
|6 418_002100000000000_BRO_2005
|7 0
|9 3109
|a BRACUL
|b BRACUL
|c GEN
|d 2009-09-01
|g 2346.00
|l 10
|m 19
|o 418.0021 BRO
|p 3010015677
|r 2019-02-18
|s 2019-01-30
|t 1
|w 2009-09-01
|y BK
|
| 952 |
|
|
|0 0
|1 0
|2 ddc
|4 0
|6 418_002100000000000_BRO_2004
|7 0
|9 9779
|a BRACUL
|b BRACUL
|c GEN
|d 2010-05-05
|l 12
|m 49
|o 418.0021 BRO
|p 3010015609
|r 2026-04-19
|s 2026-01-29
|t 2
|w 2010-05-05
|y BK
|